Teoría literaria y literatura comparada / (Record no. 163021)
[ view plain ]
| 000 -CABECERA | |
|---|---|
| campo de control de longitud fija | 00598nam a2200193 u 4500 |
| 005 - FECHA Y HORA DE LA ÚLTIMA TRANSACCIÓN | |
| campo de control | 20210223132053.0 |
| 008 - ELEMENTOS DE LONGITUD FIJA--INFORMACIÓN GENERAL | |
| campo de control de longitud fija | 130430s2011 r 000 0 eng d |
| 020 ## - NÚMERO INTERNACIONAL NORMALIZADO PARA LIBROS | |
| Número Internacional Estándar del Libro | 9788434470552 |
| 035 ## - NÚMERO DE CONTROL DEL SISTEMA | |
| Número de control de sistema | UPN01000190918 |
| 049 ## - COLECCIÓN | |
| Colección | CG |
| 050 #4 - SIGNATURA TOPOGRÁFICA DE LA BIBLIOTECA DEL CONGRESO | |
| Número de clasificación | PN441 |
| Número de documento/Ítem | T4.6 |
| 245 10 - MENCIÓN DE TÍTULO | |
| Título | Teoría literaria y literatura comparada / |
| Mención de responsabilidad, etc. | Jordi Llovet ... [et al.] |
| 260 ## - PUBLICACIÓN, DISTRIBUCIÓN, ETC. | |
| Lugar de publicación, distribución, etc. | Barcelona, Esp. : |
| Nombre del editor, distribuidor, etc. | Ariel, |
| Fecha de publicación, distribución, etc. | 2011. |
| 300 ## - DESCRIPCIÓN FÍSICA | |
| Extensión | 459 p. |
| 650 #4 - ASIENTO SECUNDARIO DE MATERIA - TERMINO TEMATICO | |
| Término de materia o nombre geográfico como elemento de entrada | LITERATURA - |
| Subdivisión general | HISTORIA Y CRITICA - |
| Subdivisión de forma | TEORIA, METODOS, ETC. |
| 9 (RLIN) | 20410 |
| 650 #4 - ASIENTO SECUNDARIO DE MATERIA - TERMINO TEMATICO | |
| Término de materia o nombre geográfico como elemento de entrada | LITERATURA COMPARADA |
| 9 (RLIN) | 21918 |
| 700 1# - ASIENTO SECUNDARIO--NOMBRE DE PERSONAL | |
| Nombre de persona | Llovet, Jordi, |
| Fechas asociadas al nombre | 1947- |
| Término indicativo de función/relación | coaut. |
| 905 ## - TIPO DE MATERIAL | |
| Tipo de material | Libro |
| Estado de retiro | Estado de pérdida | Fuente del sistema de clasificación o colocación | Estado dañado | No para préstamo | Código de colección | Localización permanente | Ubicación/localización actual | Ubicación en estantería | Total de préstamos | Clasificación | Código de barras | Fecha visto por última vez | Fecha del último préstamo | Número de copia | Tipo de ítem Koha | Fecha de adquisición | Renovaciones totales |
|---|---|---|---|---|---|---|---|---|---|---|---|---|---|---|---|---|---|
| Library of Congress Classification | Colección General | Bib. Gregorio Torres Quintero | Bib. Gregorio Torres Quintero | Planta baja | 2 | PN441 T4.6 | 289157 | 17/02/2025 | 05/02/2025 | 1 | Libro | ||||||
| Library of Congress Classification | Colección General | Bib. Gregorio Torres Quintero | Bib. Gregorio Torres Quintero | Planta baja | 4 | PN441 T4.6 | 289156 | 31/12/2020 | 1 | Libro | |||||||
| Library of Congress Classification | Colección General | Bib. Gregorio Torres Quintero | Bib. Gregorio Torres Quintero | Planta baja | 5 | PN441 T4.6 | 289158 | 11/03/2025 | 13/02/2025 | 1 | Libro | 20/06/2023 | 1 |
